000
00326 a2200145 4500
001
148576
040
_c
Escola São Tomás de Aquino
100
_a
INDIGO
240
1
0
_a
Palavra de honra
_l
por
245
1
0
_a
Palavra de honra
362
0
_a
2006
440
1
_a
Escala Educacional
697
_a
*LITERATURA INFANTO
942
_c
BK
999
_c
148576
_d
148576